| 000 | 00818aas a2200229 4500 | ||
|---|---|---|---|
| 999 |
_c2917 _d2917 |
||
| 003 | BR-BrBNA | ||
| 005 | 20230317233633.0 | ||
| 007 | ta | ||
| 008 | 230119b bl ||||| |||| 00| 0 por d | ||
| 035 | _a000485-5 | ||
| 040 |
_aBR-BrBNA _bPor _cBR-BrBNA |
||
| 042 | _aN | ||
| 044 | _abl | ||
| 245 | _aExtensão Rural em Alagoas (Brazil) | ||
| 260 |
_aMaceió-AL _bEmpresa de Assistência Técnica e Extensão Rural do Estado de Alagoas - Assessoria de Relações _c1969. Data final de publicação em 1980 _eBAL |
||
| 270 | _aAv. Comendador Leão, 720 - Poço | ||
| 310 | _airregular | ||
| 500 | _aDeixou de ser editado | ||
| 505 | _a1969 2(2); 1970 3(1); 1971 4(1-5); 1972 4-5(6-11,16); 1973-76 5-8(17-26); 1977 9(set,nov); 1978 10(abr,jun,out); 1979 11(abr,2); 1980 12(1); | ||
| 909 |
_a56 _bSergio Santos _c56 _dSergio Santos |
||
| 942 |
_cCR _2AGRIS |
||